000 00313nam a22001337a 4500
008 181219b xxu||||| |||| 00| 0 eng d
020 _a9780439429719
041 _aeng
080 _a721
100 _a46
101 _aARK
245 _aThe White House An Illustrated History
_cCathrine.N
942 _2udc
_cBK
999 _c53508
_d53508